Trouve la chanson - Statistiques

Statistiques générales
  • Ce quiz a été pris 293 fois
  • Le résultat moyen est 15 sur 38
Statistiques - réponses
% Correct
la
83%
la
83%
la
83%
la
83%
la
83%
tu
69%
de
61%
de
61%
de
61%
de
61%
une
51%
une
51%
une
51%
une
51%
ce
45%
ce
45%
me
45%
me
45%
que
34%
toi
31%
toi
31%
toi
31%
toi
31%
c'est
26%
c'est
26%
Tout
22%
tout
22%
qu'il
16%
photo
14%
photo
14%
photo
14%
photo
14%
juste
12%
juste
12%
juste
12%
juste
12%
laisse
11%
reste
11%
Aucun quiz correspondant
Distribution des résultats
% des personnes avec chaque résultat
Percentile par nombre de réponses
Votre historique - résultats
Vous n’avez pas pris ce quiz